000 01348nam a2200361 a 4500
001 000113266
003 CHAP
005 20220329144346.0
008 170529s2016 mx sm |||||||spa d
010 _a109727
011 _a110699
040 _cCHAP
090 _aTesis
100 1 _aHernández Ortiz, Cecilia
_9132373
245 1 0 _aAlimentación de aves (Tyrannidae) insectivoras en un rodal de pinuus cembroides (Zucc.) conservado y semiconservado
_h[En línea]
_cpor Cecilia Hernández Ortiz.
260 _aChapingo, Méx. :
_bEl autor,
_c2016.
500 _aPara ver el contenido del material haga clic en la liga
502 _aTesis (Ing. en Recursos Naturales Renovables) -- UACH. Departamento de Suelos
590 _aBATCH-UPD
_b05
_c20170529
_lUCH01
_h1122
590 _aBATCH-UPD
_b05
_c20170529
_lUCH01
_h1125
590 _aE5765TAJ
_b05
_c20170529
_lUCH01
_h1121
590 _aE5765TAJ
_b05
_c20170529
_lUCH01
_h1122
590 _aE5765TAJ
_b05
_c20170529
_lUCH01
_h1125
650 1 4 _aAves e insectos.
_98689
650 1 4 _aAves
_xAlimentación.
_9132406
650 1 4 _aEcología forestal.
_935176
650 1 4 _aInsectos
_xIdentificación.
_958929
650 1 4 _aTyrannidae
_xHábitos y conducta.
_9132374
856 _aFinding aid
_uhttp://10.13.5.2/tesis/sist113266.pdf
_zTeclea aquí
901 _aBK
942 _cTESIS
942 _n0
999 _c109727
_d109727